Structure Named Desire (Record no. 28028)

MARC details
000 -LEADER
fixed length control field 00382nam a2200169Ia 4500
008 - FIXED-LENGTH DATA ELEMENTS--GENERAL INFORMATION
fixed length control field 220531s9999 xx 000 0 und d
041 ## - LANGUAGE CODE
Language code of text/sound track or separate title eng
082 ## - DEWEY DECIMAL CLASSIFICATION NUMBER
Item number LAL
100 ## - MAIN ENTRY--PERSONAL NAME
Personal name Lall, Ramji
9 (RLIN) 47813
245 ## - TITLE STATEMENT
Title Structure Named Desire
260 ## - PUBLICATION, DISTRIBUTION, ETC. (IMPRINT)
Name of publisher, distributor, etc. Aarati
Date of publication, distribution, etc. 2002
300 ## - PHYSICAL DESCRIPTION
Extent 312
542 ## - INFORMATION RELATING TO COPYRIGHT STATUS
Copyright holder 22-04-2002
650 ## - SUBJECT ADDED ENTRY--TOPICAL TERM
Topical term or geographic name as entry element English
9 (RLIN) 47814
906 ## - LOCAL DATA ELEMENT F, LDF (RLIN)
d 2002-2003
Holdings
Withdrawn status Lost status Source of classification or shelving scheme Damaged status Not for loan Home library Current library Date acquired Cost, normal purchase price Total Checkouts Total Holds Full call number Barcode Date last seen Bill Date Koha item type Original Barcode
    Dewey Decimal Classification     Shri Siddhivinayak Mahila Mahavidyalaya Shri Siddhivinayak Mahila Mahavidyalaya 22/04/2002 40.00   1 /LAL/B/9015 SSMM-BK-9015 06/08/2022 06/08/2022 Books 010009015